000 00643nam a2200277Ia 4500
005 20260324140242.0
008 008 260324s9999 xx 000 0 eng d
020 _a9780429460548
037 _aEBOOK
040 _aCRL
040 _beng
040 _cCRL
041 _2eng
041 _aeng
084 _qCRL
100 _aLuigi Tomasi
_91199325
245 0 _aAlternative Religions Among European Youth
260 _bTaylor and Francis
260 _c1999
365 _a
365 _b110
856 _uhttp://www.taylorfrancis.com/books/9780429460548
942 _cEBOOK
999 _c1805579
_d1805579